000 00218nam a2200097Ia 4500
001 702586
005 20250826162335.0
008 250824s9999 xx 000 0 und d
245 0 _aVEDA
_cAYŞE KULİN
260 _bEVEREST
999 _c702586
_d702586